[Event "OLBA 2122 SC Untergrombach - SV Hockenh"]
[Site "?"]
[Date "2021.10.24"]
[Round "2.8"]
[White "Nied, Pascal"]
[Black "Loechel, Thomas"]
[Result "1-0"]
[WhiteElo "1878"]
[BlackElo "2046"]
[PlyCount "139"]
[EventDate "2021.??.??"]

1. e4 c6 2. d4 d5 3. Nd2 dxe4 4. Nxe4 Nf6 5. Nxf6+ exf6 6. c3 Bd6 7. Bd3 O-O 8.
Qc2 Re8+ 9. Ne2 g6 10. h4 Nd7 11. h5 Qe7 12. hxg6 fxg6 13. Bc4+ Kg7 14. Bh6+
Kh8 15. O-O-O Nb6 16. Bd3 Bf5 17. Bxf5 Qxe2 18. Bxg6 Qxc2+ 19. Bxc2 Re7 20. Rh5
Rae8 21. Be3 Nd7 22. Rh6 Rg7 23. Rdh1 Ree7 24. Bf5 Rgf7 25. R1h3 Nf8 26. Bd3 b5
27. Bc2 Rd7 28. g4 Rg7 29. Kd2 Be7 30. Bf5 Rd8 31. Kc2 Kg8 32. b3 a6 33. f3 a5
34. Be4 Rc8 35. c4 bxc4 36. bxc4 a4 37. R6h5 a3 38. Ra5 Rb8 39. Bc1 Ne6 40. Kd3
Rb1 41. Bxa3 Bxa3 42. Rxa3 Rd1+ 43. Ke3 Rxd4 44. Bxc6 Re7 45. Ra8+ Kg7 46. Be4
h6 47. Rc8 Rd1 48. Rh2 Ng5 49. Re2 h5 50. gxh5 f5 51. Rg2 Kf6 52. Rc6+ Ne6 53.
Bd5 f4+ 54. Ke2 Ra1 55. Rg6+ Kf5 56. Bxe6+ Ke5 57. Rg5+ Kd4 58. Rd5+ Kc3 59.
Rd3+ Kc2 60. Rd2+ Kc3 61. Rd3+ Kc2 62. c5 Rg7 63. Bg4 Re7+ 64. Re6 Rb7 65. c6
Rbb1 66. Rd2+ Kc3 67. Rc2+ Kd4 68. Re4+ Kd5 69. c7 Rb8 70. cxb8=N 1-0

[Event "OLBA 2122 BG Buchen - SV Hockenheim"]
[Site "?"]
[Date "2021.11.14"]
[Round "3.1"]
[White "Nekrasov, Mihail"]
[Black "Stojanovic, Mihajlo"]
[Result "1-0"]
[WhiteElo "2272"]
[BlackElo "2512"]
[PlyCount "80"]
[EventDate "2021.??.??"]

1. e4 e6 2. d4 d5 3. exd5 exd5 4. Nf3 Nc6 5. Bb5 Nge7 6. Ne5 a6 7. Qf3 Be6 8.
Nxc6 Nxc6 9. Bxc6+ bxc6 10. O-O Bd6 11. Be3 Qh4 12. g3 Qh3 13. Nd2 O-O 14. Rfe1
Rae8 15. Bf4 Bg4 16. Qg2 Bxf4 17. Qxh3 Bxh3 18. gxf4 Re6 19. Re3 Rg6+ 20. Rg3
Bf5 21. Re1 Bxc2 22. Rc1 Bd3 23. Kg2 Rb8 24. b3 Rb6 25. Rxg6 Bxg6 26. a3 a5 27.
Rc5 Ra6 28. Kf3 Kf8 29. Ke3 f6 30. Nf1 Ke7 31. Kd2 Kd7 32. Ne3 Be4 33. a4 Kc8
34. h4 Kb7 35. Kc3 Ra8 36. b4 axb4+ 37. Kxb4 Rg8 38. Rc1 Ra8 39. Rg1 g6 40. Ng4
f5 1-0

[Event "OLBA 2122 BG Buchen - SV Hockenheim"]
[Site "?"]
[Date "2021.11.14"]
[Round "3.2"]
[White "Galyas, Miklos"]
[Black "Moeldner, Juergen"]
[Result "1-0"]
[WhiteElo "2450"]
[BlackElo "2254"]
[PlyCount "139"]
[EventDate "2021.??.??"]

1. c4 c5 2. g3 g6 3. Bg2 Bg7 4. Nc3 Nf6 5. e4 Nc6 6. Nge2 O-O 7. O-O d6 8. d3
Rb8 9. h3 a6 10. a4 Bd7 11. Be3 e5 12. f4 Nd4 13. f5 gxf5 14. Bg5 h6 15. Bh4
Qc8 16. Bxf6 Bxf6 17. Nxd4 cxd4 18. Nd5 Qd8 19. Qh5 Kg7 20. Rxf5 Bxf5 21. Qxf5
b6 22. h4 Rb7 23. Rf1 Be7 24. Bh3 f6 25. Qg4+ Kh7 26. Qf5+ Kg7 27. Bg4 Rg8 28.
Kh2 Ra7 29. b4 Rb7 30. Bh5 Kh8 31. Bf7 Rg7 32. Qh5 Qd7 33. Bg6 Qe6 34. Qxh6+
Kg8 35. Qh5 Bd8 36. Bf5 Qf7 37. Qf3 Qe8 38. Rf2 Ra7 39. Bh3 Qg6 40. Be6+ Kh8
41. Kh3 Qh6 42. Bg4 Raf7 43. Qd1 Rf8 44. Rf5 Rh7 45. Qf3 Qc1 46. Nxf6 Bxf6 47.
Rxf6 Rhf7 48. Rxf7 Rxf7 49. Bf5 Kg7 50. g4 Qd2 51. g5 b5 52. cxb5 axb5 53. axb5
Rb7 54. Be6 Qe3 55. Kg4 Qxf3+ 56. Kxf3 Rxb5 57. h5 Rxb4 58. h6+ Kg6 59. Kg4 Rb1
60. Bf5+ Kf7 61. g6+ Kf6 62. g7 Rg1+ 63. Kf3 Kf7 64. Bh7 Rg5 65. g8=Q+ Rxg8 66.
Bxg8+ Kxg8 67. Kg4 Kh7 68. Kg5 d5 69. exd5 e4 70. d6 1-0

[Event "OLBA 2122 BG Buchen - SV Hockenheim"]
[Site "?"]
[Date "2021.11.14"]
[Round "3.3"]
[White "Guenthner, Oliver"]
[Black "Dobosz, Henryk"]
[Result "0-1"]
[WhiteElo "2159"]
[BlackElo "2369"]
[PlyCount "78"]
[EventDate "2021.??.??"]

1. e4 c5 2. Nf3 e6 3. d4 cxd4 4. Nxd4 Nc6 5. Be3 Nf6 6. Nxc6 bxc6 7. Bd3 d5 8.
Nd2 e5 9. h3 h6 10. c3 Bd6 11. O-O O-O 12. Qc2 Qc7 13. Rfe1 Be6 14. f3 Qe7 15.
Nb3 a5 16. Qf2 Nd7 17. Nd2 a4 18. b3 Rfc8 19. Bc2 Qd8 20. Kh1 axb3 21. axb3 Qc7
22. Qg1 Qb7 23. Rxa8 Rxa8 24. Ra1 Nf6 25. g4 Rxa1 26. Qxa1 c5 27. exd5 Bxd5 28.
Kg2 e4 29. f4 Bxf4 30. Bxf4 e3+ 31. Kg3 exd2 32. Bxd2 Bxb3 33. Bxb3 Qxb3 34.
Qa8+ Kh7 35. Qf3 Qc2 36. Be1 Ne4+ 37. Kf4 Ng5 38. Qe3 Qh2+ 39. Bg3 Qxh3 0-1

[Event "OLBA 2122 BG Buchen - SV Hockenheim"]
[Site "?"]
[Date "2021.11.14"]
[Round "3.4"]
[White "Eisenbeiser, Amadeus"]
[Black "Hierholz, Bernd"]
[Result "1-0"]
[WhiteElo "2387"]
[BlackElo "2119"]
[PlyCount "59"]
[EventDate "2021.??.??"]

1. e4 c6 2. d4 d5 3. Nc3 dxe4 4. Nxe4 Nf6 5. Nxf6+ gxf6 6. c3 Bf5 7. Nf3 e6 8.
g3 Qd5 9. Bg2 Qe4+ 10. Be3 Qd3 11. Qb3 Nd7 12. Nd2 Qa6 13. a3 Nb6 14. c4 Qa4
15. Qa2 Bd3 16. b3 Qa5 17. Qb2 Be7 18. f4 O-O-O 19. Kf2 Qf5 20. Nf3 h5 21. Rhe1
h4 22. Nxh4 Rxh4 23. gxh4 c5 24. dxc5 Bxc5 25. Kg1 Rg8 26. Bxc5 Qxc5+ 27. Qf2
Qa5 28. Qf3 Qc5+ 29. Kh1 Qc7 30. Qxd3 1-0

[Event "OLBA 2122 BG Buchen - SV Hockenheim"]
[Site "?"]
[Date "2021.11.14"]
[Round "3.5"]
[White "Ptak, Ferdinand"]
[Black "Miltner, Arndt"]
[Result "1/2-1/2"]
[WhiteElo "2012"]
[BlackElo "2264"]
[PlyCount "63"]
[EventDate "2021.??.??"]

1. c4 e5 2. g3 Nf6 3. Bg2 c6 4. d4 exd4 5. Qxd4 Na6 6. Nf3 Bc5 7. Qd3 d5 8. a3
dxc4 9. Qxc4 Be6 10. Qc2 O-O 11. O-O Re8 12. b4 Bb6 13. Bb2 Qe7 14. Nbd2 h6 15.
e4 c5 16. b5 Nc7 17. a4 Ba5 18. Ne5 Rad8 19. Nec4 Bb4 20. e5 Nfd5 21. Nd6 Rxd6
22. exd6 Qxd6 23. Nc4 Qe7 24. Rfd1 Rd8 25. h3 h5 26. Be5 f6 27. Bb2 Qf7 28.
Rac1 Rd7 29. Kh2 h4 30. Be4 hxg3+ 31. fxg3 Qh5 32. Bg2 1/2-1/2

[Event "OLBA 2122 BG Buchen - SV Hockenheim"]
[Site "?"]
[Date "2021.11.14"]
[Round "3.6"]
[White "Hajnal, Zoltan"]
[Black "Loechel, Thomas"]
[Result "1-0"]
[WhiteElo "2386"]
[BlackElo "2017"]
[PlyCount "109"]
[EventDate "2021.??.??"]

1. e4 c6 2. d4 d5 3. Nc3 dxe4 4. Nxe4 Nf6 5. Nxf6+ exf6 6. c3 Bd6 7. Bd3 Qc7 8.
Ne2 Be6 9. Qc2 Nd7 10. h3 O-O-O 11. c4 Bb4+ 12. Kf1 g5 13. c5 Qb8 14. a3 Ba5
15. b4 Bc7 16. a4 Nf8 17. Rb1 Bd5 18. Be3 Bf4 19. b5 Ne6 20. Bf5 Qc7 21. Nc3
Bxe3 22. fxe3 Qg3 23. Qf2 Bc4+ 24. Kg1 Qxf2+ 25. Kxf2 Kc7 26. Rb4 Ng7 27. Be4
Be6 28. bxc6 bxc6 29. Rhb1 Bc8 30. d5 f5 31. Bf3 cxd5 32. Nxd5+ Kd7 33. Rd1 Ke6
34. c6 Ke5 35. Rb5 Be6 36. c7 Rde8 37. c8=Q Rxc8 38. Ne7+ Kf6 39. Nxc8 Rxc8 40.
Rb7 Rc2+ 41. Kg1 g4 42. hxg4 fxg4 43. Be4 Rc4 44. Rd4 Rc1+ 45. Kf2 Nh5 46. Rb5
Ng7 47. Bxh7 Bc4 48. Rc5 Rf1+ 49. Kg3 Be2 50. Rf4+ Rxf4 51. exf4 Ne6 52. Re5
Bf1 53. Be4 Be2 54. Bf5 Bd1 55. Bxe6 1-0

[Event "OLBA 2122 BG Buchen - SV Hockenheim"]
[Site "?"]
[Date "2021.11.14"]
[Round "3.7"]
[White "May, Juergen"]
[Black "Junesch, Gerhard"]
[Result "0-1"]
[WhiteElo "2003"]
[BlackElo "2283"]
[PlyCount "74"]
[EventDate "2021.??.??"]

1. e4 c6 2. d4 d5 3. Nc3 dxe4 4. Nxe4 Bf5 5. Ng3 Bg6 6. Nf3 e6 7. h4 h6 8. h5
Bh7 9. Bd3 Bxd3 10. Qxd3 Nf6 11. Bd2 Be7 12. O-O-O O-O 13. Qe2 c5 14. dxc5 Nbd7
15. Ne4 Qc7 16. g4 Nxe4 17. Qxe4 Nxc5 18. Qe2 Rac8 19. Bc3 Qf4+ 20. Kb1 Rfd8
21. Rde1 Ne4 22. Qxe4 Rd1+ 23. Rxd1 Qxe4 24. Ne5 Rxc3 25. bxc3 Qxe5 26. Rd3 Ba3
27. Ka1 Bb4 28. Kb2 Bc5 29. f3 b5 30. Kb3 Qf4 31. Rhd1 Kh7 32. Kb2 a5 33. Kb1
Qc4 34. Kb2 Qa4 35. Kb1 Qa3 36. Ka1 Be7 37. Kb1 Bf6 0-1

[Event "OLBA 2122 SF Bad Mergentheim - SC Viern"]
[Site "?"]
[Date "2021.11.14"]
[Round "3.1"]
[White "Zaragatski, Ilja"]
[Black "Ikonnikov, Vyacheslav"]
[Result "1/2-1/2"]
[WhiteElo "2509"]
[BlackElo "2501"]
[PlyCount "45"]
[EventDate "2021.??.??"]

1. Nf3 Nf6 2. g3 b5 3. Bg2 Bb7 4. Na3 b4 5. Nc4 a5 6. d3 e6 7. e4 Be7 8. e5 Nd5
9. h4 Nb6 10. O-O Nxc4 11. dxc4 Na6 12. Qd4 O-O 13. Qg4 f5 14. exf6 Bxf6 15.
Bg5 Nc5 16. Rad1 Qe8 17. Bxf6 Rxf6 18. Nd4 Bxg2 19. Kxg2 Qf7 20. f4 Rf8 21. Qe2
d6 22. b3 h5 23. Nf3 1/2-1/2

[Event "OLBA 2122 SF Bad Mergentheim - SC Viern"]
[Site "?"]
[Date "2021.11.14"]
[Round "3.2"]
[White "Rakotomaharo, Fy Antenaina"]
[Black "Beikert, Guenther"]
[Result "1-0"]
[WhiteElo "2487"]
[BlackElo "2387"]
[PlyCount "83"]
[EventDate "2021.??.??"]

1. e4 d6 2. d4 Nf6 3. Nc3 e5 4. Nf3 Nbd7 5. Bc4 Be7 6. O-O O-O 7. a4 a5 8. Re1
h6 9. h3 Re8 10. dxe5 dxe5 11. Nd5 Bc5 12. Qd3 Nxd5 13. Bxd5 Nb6 14. Be3 Bxe3
15. Rxe3 c6 16. Bb3 Qxd3 17. Rxd3 Kf8 18. Rad1 f6 19. Nh4 Be6 20. Bxe6 Rxe6 21.
b3 Rc8 22. Nf5 Rc7 23. c4 c5 24. g4 g6 25. Rd8+ Re8 26. R8d6 gxf5 27. Rxb6 fxg4
28. Rxf6+ Kg7 29. Rdd6 gxh3 30. Rxh6 Rd8 31. Rhg6+ Kh7 32. Rh6+ Kg7 33. Rdg6+
Kf8 34. Rxh3 Rd4 35. Rh8+ Kf7 36. Rg4 Rcd7 37. Kg2 Ke7 38. Rh5 Kd6 39. Rg6+ Kc7
40. Rxe5 b6 41. Ree6 Rf7 42. Rc6+ 1-0

[Event "OLBA 2122 SF Bad Mergentheim - SC Viern"]
[Site "?"]
[Date "2021.11.14"]
[Round "3.3"]
[White "Lanka, Zigurds"]
[Black "Razafindratsima, Timothe"]
[Result "0-1"]
[WhiteElo "2389"]
[BlackElo "2358"]
[PlyCount "82"]
[EventDate "2021.??.??"]

1. e4 c5 2. Nf3 d6 3. d4 cxd4 4. Nxd4 Nf6 5. Nc3 a6 6. Be3 e5 7. Nb3 Be6 8. h3
Be7 9. f4 exf4 10. Bxf4 Nc6 11. Qe2 Nd7 12. O-O-O Nce5 13. Kb1 O-O 14. g4 Rc8
15. Qe3 Re8 16. g5 b5 17. Qg3 Qc7 18. Rh2 Nb6 19. Rf2 Nec4 20. Nd5 Bxd5 21.
exd5 Bf8 22. h4 g6 23. Bc1 Bg7 24. Bh3 Rb8 25. h5 Na4 26. Nd4 b4 27. Rf6 Na3+
28. Ka1 Nxc2+ 29. Nxc2 Qxc2 30. Qb3 Qxb3 31. axb3 Bxf6 32. gxf6 Nc5 33. Bh6
Nxb3+ 34. Ka2 Nc5 35. Rf1 b3+ 36. Kb1 Re5 37. hxg6 hxg6 38. Bg4 Rbe8 39. Bd2
Rxd5 40. Bc1 Nd3 41. Rd1 Re1 0-1

[Event "OLBA 2122 SF Bad Mergentheim - SC Viern"]
[Site "?"]
[Date "2021.11.14"]
[Round "3.4"]
[White "Gasthofer, Alexander"]
[Black "Engemann, Till"]
[Result "1-0"]
[WhiteElo "2421"]
[BlackElo "2051"]
[PlyCount "53"]
[EventDate "2021.??.??"]

1. Nf3 d5 2. g3 c5 3. Bg2 Nf6 4. O-O e6 5. d4 cxd4 6. Nxd4 e5 7. Nb3 Be6 8. Nc3
Bb4 9. Bg5 Bxc3 10. Bxf6 Qxf6 11. bxc3 e4 12. c4 dxc4 13. Nc5 Qe7 14. Nxe4 O-O
15. Qd6 Nc6 16. Qxe7 Nxe7 17. Nc5 Bd5 18. Nxb7 Rab8 19. Rab1 Rxb7 20. Rxb7 Bxb7
21. Bxb7 Rb8 22. Rd1 g6 23. Rd7 Kf8 24. Rc7 c3 25. a3 Ke8 26. Be4 f5 27. Bd3
1-0

[Event "OLBA 2122 SF Bad Mergentheim - SC Viern"]
[Site "?"]
[Date "2021.11.14"]
[Round "3.5"]
[White "Schmohel, Andreas"]
[Black "Gasthofer, Viktor"]
[Result "1/2-1/2"]
[WhiteElo "1930"]
[BlackElo "2307"]
[PlyCount "56"]
[EventDate "2021.??.??"]

1. e4 e6 2. d4 d5 3. Nc3 Bb4 4. Nge2 dxe4 5. a3 Bxc3+ 6. Nxc3 Nc6 7. d5 exd5 8.
Qxd5 Nge7 9. Qxd8+ Nxd8 10. Nxe4 Bf5 11. Bd3 Ne6 12. Be3 O-O-O 13. O-O-O Bg6
14. Nc5 Bxd3 15. Rxd3 Nxc5 16. Rxd8+ Rxd8 17. Bxc5 Nc6 18. Rd1 Rxd1+ 19. Kxd1
Kd7 20. Ke2 Ke6 21. Be3 Kd5 22. b3 b5 23. Bd2 g6 24. Bc3 Ne5 25. Bxe5 Kxe5 26.
Ke3 h5 27. f4+ Kd5 28. Kd3 c5 1/2-1/2

[Event "OLBA 2122 SF Bad Mergentheim - SC Viern"]
[Site "?"]
[Date "2021.11.14"]
[Round "3.6"]
[White "Reinhardt, Bernd"]
[Black "Mueller, Michael"]
[Result "1/2-1/2"]
[WhiteElo "2150"]
[BlackElo "2173"]
[PlyCount "37"]
[EventDate "2021.??.??"]

1. Nf3 d5 2. d4 Bf5 3. c4 c6 4. Qb3 Qb6 5. c5 Qc7 6. g3 Nf6 7. Bf4 Qc8 8. Nc3
e6 9. Bg2 Be7 10. O-O Nbd7 11. Ne5 O-O 12. Nxd7 Qxd7 13. Qd1 h6 14. b4 g5 15.
Bd2 Ne4 16. Nxe4 Bxe4 17. f3 Bg6 18. Bc3 f5 19. e3 1/2-1/2

[Event "OLBA 2122 SF Bad Mergentheim - SC Viern"]
[Site "?"]
[Date "2021.11.14"]
[Round "3.7"]
[White "Spiegel, Stefan"]
[Black "Pfleger, Michael"]
[Result "1-0"]
[WhiteElo "2132"]
[BlackElo "2184"]
[PlyCount "95"]
[EventDate "2021.??.??"]

1. e4 g6 2. d4 Bg7 3. Nc3 d5 4. Nxd5 c6 5. Nc3 Bxd4 6. Bd3 Qb6 7. Qe2 Na6 8.
Nf3 Bg4 9. h3 Bxf3 10. Qxf3 Nb4 11. O-O Nxd3 12. Qxd3 O-O-O 13. Qc4 e6 14. a4
Qc5 15. Qxc5 Bxc5 16. a5 f6 17. Na4 Bb4 18. Be3 Kb8 19. Nc5 e5 20. c3 Bxc5 21.
Bxc5 Re8 22. Rfd1 f5 23. Rd6 Ne7 24. Rd7 Nc8 25. Rad1 fxe4 26. Rf7 Rd8 27. Rdd7
Rxd7 28. Rxd7 b6 29. axb6 Nxb6 30. Bd6+ Ka8 31. Rc7 Re8 32. Rxh7 Na4 33. Rc7
Nxb2 34. Bc5 a5 35. Ra7+ Kb8 36. Rxa5 Rd8 37. Ra2 Rd1+ 38. Kh2 Nc4 39. Re2 Nd2
40. Kg3 Kc7 41. Kg4 Kd7 42. Kg5 Ke6 43. Kxg6 Nb3 44. Be3 c5 45. h4 c4 46. h5
Rd8 47. Bh6 Kd5 48. Bg7 1-0

[Event "OLBA 2122 SF Bad Mergentheim - SC Viern"]
[Site "?"]
[Date "2021.11.14"]
[Round "3.8"]
[White "Raps, Johannes"]
[Black "Martin, Stefan"]
[Result "0-1"]
[WhiteElo "2128"]
[BlackElo "2126"]
[PlyCount "48"]
[EventDate "2021.??.??"]

1. d4 Nf6 2. Nf3 d5 3. e3 e6 4. c4 c5 5. Nc3 Nc6 6. a3 dxc4 7. Bxc4 a6 8. O-O
b5 9. Ba2 Bb7 10. dxc5 Bxc5 11. b4 Ba7 12. Bb2 O-O 13. Qe2 Ng4 14. Rfd1 Qe7 15.
Bb1 f5 16. Ba2 Rf6 17. h3 Rh6 18. Qd3 Nce5 19. Nxe5 Nxe5 20. Qd6 Qg5 21. Nd5
Nf7 22. Qd7 Bxd5 23. Rxd5 Rg6 24. Kf1 Bxe3 0-1

[Event "OLBA 2122 SK Ettlingen - OSG Baden-Bade"]
[Site "?"]
[Date "2021.11.14"]
[Round "3.1"]
[White "Milov, Vadim"]
[Black "Werner, Clemens"]
[Result "1-0"]
[WhiteElo "2601"]
[BlackElo "2274"]
[PlyCount "85"]
[EventDate "2021.??.??"]

1. d4 d6 2. e4 Nf6 3. Nc3 e5 4. Nf3 Nc6 5. h3 Be7 6. g4 exd4 7. Nxd4 O-O 8. Bg2
Bd7 9. g5 Ne8 10. h4 Nxd4 11. Qxd4 c5 12. Qd3 Bc6 13. Nd5 Nc7 14. Bf4 Re8 15.
O-O-O Ne6 16. Bg3 Bf8 17. f4 Qa5 18. Kb1 b5 19. f5 c4 20. Qd2 Qxd2 21. Rxd2
Bxd5 22. Rxd5 Nc7 23. Rd4 Rab8 24. Bf4 Rb6 25. Rhd1 f6 26. Bf3 Rd8 27. gxf6
gxf6 28. Bh5 Ne8 29. Rg1+ Ng7 30. Rd2 Kh8 31. Bf7 c3 32. bxc3 Rc6 33. h5 Rc7
34. Bd5 h6 35. Bxh6 Rxc3 36. Rdg2 Rc7 37. Bd2 Rc5 38. Rg6 Nxf5 39. Rxf6 Ne7 40.
Bh6 Nxd5 41. exd5 Be7 42. Re6 Rc7 43. Bd2 1-0

[Event "OLBA 2122 SK Ettlingen - OSG Baden-Bade"]
[Site "?"]
[Date "2021.11.14"]
[Round "3.2"]
[White "Nippgen, Georg"]
[Black "Riff, Jean-Noel"]
[Result "1/2-1/2"]
[WhiteElo "2230"]
[BlackElo "2447"]
[PlyCount "90"]
[EventDate "2021.??.??"]

1. Nf3 Nf6 2. c4 e6 3. b3 d5 4. e3 Bd6 5. d4 O-O 6. Be2 b6 7. O-O Bb7 8. cxd5
exd5 9. Ba3 Ne4 10. Qc1 c5 11. Rd1 Nd7 12. dxc5 Ndxc5 13. Qb2 Qe7 14. Bxc5 bxc5
15. Nc3 Nxc3 16. Qxc3 d4 17. Qd2 Rfe8 18. Bb5 Bxf3 19. gxf3 Qg5+ 20. Kf1 Re6
21. f4 Qh5 22. Bc6 Rd8 23. Qa5 Be7 24. Bg2 Qxh2 25. f5 Red6 26. Qxa7 R6d7 27.
Qa4 Qe5 28. exd4 cxd4 29. Rd3 h6 30. Rad1 Bf6 31. b4 Rc7 32. Re1 Qf4 33. b5 Rc1
34. Rxc1 Qxc1+ 35. Qd1 Qb2 36. Qb3 Qc1+ 37. Rd1 Qc5 38. Qd3 Re8 39. Rb1 Bd8 40.
a4 Ba5 41. b6 Qxb6 42. Bd5 Qc5 43. Qb5 Qxb5+ 44. Rxb5 Bc3 45. Rb7 Rd8 1/2-1/2

[Event "OLBA 2122 SK Ettlingen - OSG Baden-Bade"]
[Site "?"]
[Date "2021.11.14"]
[Round "3.3"]
[White "Schmider, Niklas"]
[Black "Tschann, Stephan"]
[Result "0-1"]
[WhiteElo "2344"]
[BlackElo "2191"]
[PlyCount "92"]
[EventDate "2021.??.??"]

1. e4 c5 2. Nf3 d6 3. d4 cxd4 4. Nxd4 Nf6 5. Nc3 a6 6. Bg5 e6 7. f4 Be7 8. Qf3
Qc7 9. O-O-O Nbd7 10. g4 h6 11. Bxf6 Bxf6 12. h4 Nb6 13. g5 Bxd4 14. Rxd4 Qc5
15. Qd3 hxg5 16. Rxd6 Rxh4 17. Rxh4 gxh4 18. Rd8+ Ke7 19. Rg8 Bd7 20. Rxg7 Rd8
21. f5 Qf2 22. Rg2 Qf4+ 23. Rd2 Rc8 24. Bg2 Rg8 25. Ne2 Qc7 26. Qh3 Nc4 27. Rd3
Qe5 28. Rd4 Bb5 29. Qxh4+ Qf6 30. Qxf6+ Kxf6 31. a4 e5 32. Rd1 Rxg2 33. axb5
Rxe2 34. bxa6 bxa6 35. b3 Ne3 36. Rd6+ Kg5 37. c4 Kf4 38. Rxa6 Kxe4 39. Rf6
Nxf5 40. c5 Nd4 41. b4 Kd3 42. Rxf7 Kc3 43. Kd1 Rb2 44. Ke1 Rxb4 45. Re7 Kd3
46. Kf2 e4 0-1

[Event "OLBA 2122 SK Ettlingen - OSG Baden-Bade"]
[Site "?"]
[Date "2021.11.14"]
[Round "3.4"]
[White "Wehner, Roland"]
[Black "Schmaltz, Roland"]
[Result "1/2-1/2"]
[WhiteElo "2258"]
[BlackElo "2463"]
[PlyCount "86"]
[EventDate "2021.??.??"]

1. e4 c5 2. Nf3 d6 3. c3 Nf6 4. Be2 Nbd7 5. d3 b6 6. O-O Bb7 7. Re1 g6 8. Nbd2
Bg7 9. Bf1 O-O 10. d4 e6 11. b4 Qc7 12. Bb2 Rac8 13. Rc1 Bh6 14. Bd3 Rfd8 15.
Rc2 d5 16. e5 Ne4 17. Nxe4 dxe4 18. Bxe4 Bxe4 19. Rxe4 cxd4 20. c4 Bg7 21. Rce2
Qxc4 22. Rxd4 Nf8 23. Rxd8 Rxd8 24. Qxd8 Qxe2 25. Qd2 Qe4 26. a3 h6 27. h4 b5
28. Qd4 Qb1+ 29. Kh2 a6 30. Nd2 Qc2 31. Ne4 Nd7 32. f4 Qc6 33. Kg3 Bf8 34. Nf6+
Nxf6 35. exf6 Bd6 36. Qc3 Qe4 37. Qf3 Qe1+ 38. Kh3 Kh7 39. Qb7 Kg8 40. Qa8+ Kh7
41. Qb7 Qh1+ 42. Kg3 Qe1+ 43. Kh3 Qh1+ 1/2-1/2

[Event "OLBA 2122 SK Ettlingen - OSG Baden-Bade"]
[Site "?"]
[Date "2021.11.14"]
[Round "3.5"]
[White "Schlosser, Philipp"]
[Black "Mader, Manuela"]
[Result "1-0"]
[WhiteElo "2507"]
[BlackElo "2200"]
[PlyCount "63"]
[EventDate "2021.??.??"]

1. c4 Nf6 2. Nc3 g6 3. e4 d6 4. d4 Bg7 5. Be2 O-O 6. Be3 e5 7. d5 a5 8. g4 Na6
9. g5 Nd7 10. h4 Ndc5 11. h5 c6 12. Nf3 a4 13. Nd2 Qa5 14. a3 Rb8 15. Kf1 Bd7
16. Kg2 Qd8 17. Rh2 Nc7 18. Qh1 f5 19. hxg6 hxg6 20. Rh7 Qe7 21. Qh4 f4 22.
Bxc5 dxc5 23. Rh1 f3+ 24. Nxf3 Rf4 25. Rh8+ Kf7 26. Qxf4+ exf4 27. Rxb8 cxd5
28. cxd5 Bg4 29. Bc4 Qd6 30. Rxb7 Bxc3 31. bxc3 Kf8 32. Rh7 1-0

[Event "OLBA 2122 SK Ettlingen - OSG Baden-Bade"]
[Site "?"]
[Date "2021.11.14"]
[Round "3.6"]
[White "Zeier, Klaus"]
[Black "Schulz, Vladimir"]
[Result "1-0"]
[WhiteElo "2205"]
[BlackElo "2123"]
[PlyCount "77"]
[EventDate "2021.??.??"]

1. e4 Nf6 2. Nc3 d5 3. e5 d4 4. exf6 dxc3 5. fxg7 cxd2+ 6. Qxd2 Qxd2+ 7. Bxd2
Bxg7 8. O-O-O Be6 9. Ne2 Nd7 10. Nf4 Bf5 11. f3 Nb6 12. g4 Bg6 13. h4 O-O-O 14.
h5 Rxd2 15. Rxd2 Bh6 16. hxg6 Bxf4 17. gxh7 Nd7 18. Kd1 Bxd2 19. Kxd2 Ne5 20.
Ke3 f6 21. Be2 Nf7 22. f4 e6 23. Bc4 Kd7 24. f5 Ne5 25. Bxe6+ Ke7 26. Kf4 Kf8
27. g5 Kg7 28. Bg8 Nc6 29. Re1 fxg5+ 30. Kxg5 Kf8 31. f6 Nd4 32. Rd1 c5 33. c3
Nc6 34. Rd7 Ke8 35. Rxb7 c4 36. Rc7 Nd8 37. Rc8 Kd7 38. Rxd8+ Kxd8 39. Kg6 1-0

[Event "OLBA 2122 SK Ettlingen - OSG Baden-Bade"]
[Site "?"]
[Date "2021.11.14"]
[Round "3.7"]
[White "Schmitt, Daniel"]
[Black "Reichel, Jonathan"]
[Result "0-1"]
[WhiteElo "2056"]
[BlackElo "2081"]
[PlyCount "68"]
[EventDate "2021.??.??"]

1. e4 e5 2. Nf3 Nc6 3. Bb5 Nge7 4. O-O g6 5. d4 exd4 6. Nxd4 Bg7 7. Be3 O-O 8.
Nc3 d5 9. exd5 Nb4 10. Bg5 f6 11. Bh4 Nbxd5 12. Nxd5 Nxd5 13. Re1 Kh8 14. Qf3
c5 15. Ne6 Bxe6 16. Rxe6 Nc7 17. Rd1 Nxe6 18. Rxd8 Raxd8 19. c3 g5 20. Bg3 f5
21. h4 f4 22. Bh2 gxh4 23. Qg4 Rd6 24. Bc4 Rf6 25. a4 Rb6 26. b3 Rd6 27. Kf1
Rg6 28. Qh5 Bxc3 29. Qe2 Rd2 30. Qf3 Nd4 31. Qh5 Ne6 32. Bxe6 Rxe6 33. Bxf4
Re1+ 34. Kxe1 Rd5+ 0-1

[Event "OLBA 2122 SK Ettlingen - OSG Baden-Bade"]
[Site "?"]
[Date "2021.11.14"]
[Round "3.8"]
[White "Juelg, Gabriel"]
[Black "Schulz, Victor"]
[Result "1-0"]
[WhiteElo "2064"]
[BlackElo "1486"]
[PlyCount "63"]
[EventDate "2021.??.??"]

1. d4 d5 2. c4 c6 3. Nf3 Nf6 4. Nc3 Bf5 5. Qb3 Qb6 6. Qxb6 axb6 7. cxd5 Nxd5 8.
Nxd5 cxd5 9. e3 e6 10. Bb5+ Nc6 11. Ne5 Rc8 12. Bd2 Bd6 13. Rc1 Bxe5 14. dxe5
O-O 15. Bc3 Nxe5 16. Ke2 Nc6 17. Rhd1 Rfd8 18. f3 f6 19. Ba4 Bg6 20. b4 d4 21.
exd4 Nxd4+ 22. Bxd4 Rxc1 23. Rxc1 Rxd4 24. Bb3 Rxb4 25. Bxe6+ Kf8 26. Bb3 Rd4
27. Rc7 Rd6 28. Rxb7 Bd3+ 29. Ke3 b5 30. Rf7+ Ke8 31. Rxg7 Bg6 32. Rb7 1-0

[Event "OLBA 2122 SGR Kuppenheim - Karlsruher S"]
[Site "?"]
[Date "2021.11.14"]
[Round "3.1"]
[White "Ruff, Maximilian"]
[Black "Schuh, Hubert"]
[Result "1/2-1/2"]
[WhiteElo "2306"]
[BlackElo "2289"]
[PlyCount "60"]
[EventDate "2021.??.??"]

1. d4 Nf6 2. c4 d6 3. Nc3 Nbd7 4. Nf3 e5 5. Bg5 Be7 6. e3 c6 7. Qc2 Qa5 8. Rb1
O-O 9. Be2 Re8 10. O-O Nf8 11. b4 Qc7 12. h3 Ng6 13. Bd3 Nh5 14. dxe5 dxe5 15.
c5 a5 16. Bxe7 Qxe7 17. Ne4 Nf6 18. Nfd2 axb4 19. Nd6 Rd8 20. Rxb4 b5 21. Be4
Be6 22. Bxc6 Rxa2 23. Rb2 Rxb2 24. Qxb2 Qc7 25. Qxb5 Rb8 26. Bb7 h6 27. Rb1 Nd7
28. N2e4 f5 29. Nc3 Nxc5 30. Qb6 Qxb6 1/2-1/2

[Event "OLBA 2122 SGR Kuppenheim - Karlsruher S"]
[Site "?"]
[Date "2021.11.14"]
[Round "3.2"]
[White "Grosshans, Ralf-Michael"]
[Black "Arnold, Lothar"]
[Result "1/2-1/2"]
[WhiteElo "2099"]
[BlackElo "2327"]
[PlyCount "52"]
[EventDate "2021.??.??"]

1. e4 c5 2. Nc3 Nc6 3. f4 e6 4. Nf3 Nf6 5. e5 Nd5 6. Nxd5 exd5 7. d4 cxd4 8.
Nxd4 d6 9. exd6 Bxd6 10. Qe2+ Be7 11. Be3 O-O 12. O-O-O Re8 13. Qf3 Bf6 14. Bf2
Qa5 15. a3 Nxd4 16. Bxd4 Bxd4 17. Rxd4 Re1+ 18. Rd1 Bf5 19. Bd3 Be4 20. Qg3
Rxh1 21. Rxh1 Rc8 22. Rd1 Qa4 23. Qf2 f5 24. g3 h6 25. Kb1 a6 26. Qd2 Kh8
1/2-1/2

[Event "OLBA 2122 SGR Kuppenheim - Karlsruher S"]
[Site "?"]
[Date "2021.11.14"]
[Round "3.3"]
[White "Pfatteicher, Lukas"]
[Black "Kresovic, Velimir"]
[Result "1-0"]
[WhiteElo "2191"]
[BlackElo "2161"]
[PlyCount "115"]
[EventDate "2021.??.??"]

1. d4 Nf6 2. c4 e6 3. Nc3 d5 4. cxd5 exd5 5. Bg5 Be7 6. e3 O-O 7. Bd3 c6 8. h3
Re8 9. Bf4 Bd6 10. Bxd6 Qxd6 11. Qc2 Nbd7 12. Nf3 Nf8 13. O-O-O b5 14. Kb1 Rb8
15. e4 dxe4 16. Nxe4 Nxe4 17. Bxe4 Bb7 18. Ng5 g6 19. h4 Qf6 20. Rh3 Qe7 21.
Re3 Qd7 22. Rc3 Rbc8 23. Bf3 f5 24. Be2 Qe7 25. Qb3+ Kg7 26. Re3 Qf6 27. f4 h6
28. Nf3 Ne6 29. g3 Nc7 30. Re5 a5 31. h5 Nd5 32. hxg6 a4 33. Qd3 Nb4 34. Qd2
Nd5 35. Nh4 Rxe5 36. fxe5 Qe6 37. Bd3 Ne7 38. Rf1 Rf8 39. g4 fxg4 40. Rxf8 Kxf8
41. Qxh6+ Ke8 42. Qh8+ Kd7 43. Qf6 Bc8 44. g7 Kc7 45. a3 Bd7 46. Qxe6 Bxe6 47.
Be4 Kd7 48. Ng2 Ke8 49. Nf4 Kf7 50. Nxe6 Kxe6 51. Bxc6 g3 52. Bg2 Kf7 53. d5
Ng6 54. e6+ Kxg7 55. d6 Kf8 56. e7+ Nxe7 57. dxe7+ Kxe7 58. Kc2 1-0